Jahrbuch des Aussenhandels der Tschechoslowakei

Salvato in:
Dettagli Bibliografici
Natura: Libro
Lingua:tedesco
Pubblicazione: Praha Tchechoslowakische Handels- und Industriekammer 1990
Tags: Aggiungi Tag
Nessun Tag, puoi essere il primo ad aggiungerne!!

MARC

LEADER 00000nam a2200000 4500
001 c024383
005 20230117081621.4
041 0 |a ger 
044 |a CZ 
245 1 0 |a Jahrbuch des Aussenhandels der Tschechoslowakei 
264 1 |a Praha  |b Tchechoslowakische Handels- und Industriekammer  |c 1990 
300 |a 197 s.